000 00675nam a2200181Ia 4500
008 090124s9999 xx 000 0 und d
082 _b101448
100 _aदिवेकर महादेवशास्त्री
245 _a नवयुग विद्यार्थीधर्म
250 _a1
260 _c1937
300 _a144
600 _aदिवेकर महादेवशास्त्री
630 _a नवयुग विद्यार्थीधर्म
700 _aदिवेकर महादेवशास्त्री
730 _a नवयुग विद्यार्थीधर्म
942 _cBOOK
999 _c147540
_d147540